| 000 | 00383nam a2200157Ia 4500 | ||
|---|---|---|---|
| 005 | 20250311142512.0 | ||
| 008 | 231217s9999 xx 000 0 und d | ||
| 020 | _a8178810425 | ||
| 082 | _a658.4012 MAN.2;1 R | ||
| 100 | _aMantravadi, Pramod M. | ||
| 245 | 0 | _aE-tailing V.2 | |
| 260 |
_c2001 _bICFAI _aHyderabad |
||
| 300 | _axv, 161 | ||
| 650 | _aE-tailing,V.2 | ||
| 942 | _cAA | ||
| 999 |
_c188626 _d188626 |
||